Countries that the U.K never invaded - Statistics

General Stats
  • This quiz has been taken 22 times
  • The average score is 10 of 22
Answers on the Map
Answers color-coded by a green-red scale on the quiz's map according to % correct below.
 
Answer Stats
Answer % Correct
Mongolia
73%
Democratic Republic of The Congo
68%
Central African Republic
59%
Chad
59%
Kyrgyzstan
50%
Sweden
50%
Tajikistan
50%
Vatican city
50%
Bolivia
45%
Andorra
45%
Liechtenstein
45%
Luxembourg
45%
Mali
45%
Paraguay
45%
Uzbekistan
45%
Monaco
41%
São Tomé and Príncipe
36%
Burundi
27%
Marshall islands
27%
Ivory Coast
23%
belarus
18%
Guatemala
18%
No matching quizzes found
Score Distribution
Percent of People with Each Score
Percentile by Number Answered
Your Score History
You have not taken this quiz